[Event "BRA-ch 90th"]
[Site "Natal"]
[Date "2024.12.16"]
[Round "6"]
[White "De Araujo, Matheus Guilherme C"]
[Black "Do Nascimento, Emilly Beatriz Sil"]
[Result "1/2-1/2"]
[WhiteElo "1686"]
[BlackElo "1800"]
[PlyCount "113"]
[EventDate "2024.12.13"]
[EventType "swiss"]
[EventRounds "11"]
[EventCountry "BRA"]
[SourceTitle "CB52_2024"]
[SourceDate "2024.12.25"]
[SourceVersion "1"]
[SourceVersionDate "2024.12.25"]
[SourceQuality "1"]

1. e4 e5 2. Nf3 Nc6 3. Bc4 Bc5 4. c3 Nf6 5. d3 h6 6. a4 d6 7. b4 Nxb4 8. cxb4 Bxb4+ 9. Nbd2 Bg4 10. 0-0 0-0 11. Rb1 a5 12. h3 Bh5 13. Qb3 b6 14. Ba3 Bxa3 15. Qxa3 Nh7 16. Bb5 f5 17. exf5 Rxf5 18. d4 e4 19. Ne1 d5 20. Qa2 Qf6 21. Nxe4 Qg6 22. Ng3 Rg5 23. Nf3 Bxf3 24. gxf3 Rxg3+ 25. fxg3 Qxg3+ 26. Qg2 Qh4 27. Rfe1 Ng5 28. Bd7 Qxd4+ 29. Qf2 Qf6 30. Kg2 Rf8 31. Re8 Rxe8 32. Bxe8 Nxh3 33. Kxh3 Qf5+ 34. Kg2 Qxb1 35. Qg3 Qb2+ 36. Qf2 Qxf2+ 37. Kxf2 Kf8 38. Bc6 Ke7 39. Bxd5 Kf6 40. Ke3 Kg5 41. Be6 c5 42. f4+ Kf6 43. Bc4 g5 44. fxg5+ hxg5 45. Kf3 Ke5 46. Kg4 Kd4 47. Bb5 c4 48. Kxg5 Kc5 49. Kf4 c3 50. Ke3 Kb4 51. Ke2 Kb3 52. Kd1 Kb2 53. Bd3 Kb3 54. Bb5 c2+ 55. Kc1 Kc3 56. Bc6 Kb4 57. Bb5 1/2-1/2

[Event "BRA-ch 90th"]
[Site "Natal"]
[Date "2024.12.13"]
[Round "1"]
[White "Do Nascimento, Emilly Beatriz Sil"]
[Black "Bulhoes, Benicio Rocha"]
[Result "0-1"]
[WhiteElo "1800"]
[BlackElo "1936"]
[PlyCount "66"]
[EventDate "2024.12.13"]
[EventType "swiss"]
[EventRounds "11"]
[EventCountry "BRA"]
[SourceTitle "CB52_2024"]
[SourceDate "2024.12.25"]
[SourceVersion "1"]
[SourceVersionDate "2024.12.25"]
[SourceQuality "1"]

1. e4 Nf6 2. Nc3 d5 3. exd5 Nxd5 4. Nxd5 Qxd5 5. Nf3 Nc6 6. Bd3 Bg4 7. Be2 e6 8. h3 Bh5 9. d3 Be7 10. Be3 Bf6 11. c4 Qa5+ 12. Bd2 Qb6 13. Be3 Qxb2 14. 0-0 Qxa1 15. Qxa1 Bxa1 16. Rxa1 0-0 17. g4 Bg6 18. h4 Rfd8 19. Rd1 f6 20. h5 Bf7 21. g5 e5 22. Rb1 b6 23. gxf6 gxf6 24. Kh2 Bxh5 25. Rg1+ Bg6 26. Nh4 Kf7 27. Rd1 Nd4 28. Bxd4 Rxd4 29. Nf3 Rd6 30. d4 exd4 31. Rxd4 Rxd4 32. Nxd4 Rd8 33. Nc2 Bxc2 0-1